000 01826cam a22004454i 4500
003 PE-LiUPU
005 20250731173152.0
008 150623s r 000 0 d
035 _a(Sirsi) a28252
040 _aPE-LiUPU
_bspa
_cPE-LiUPU
_erda
082 0 4 _a220.7
_bCBP
_221
100 1 _aMcNeely, Richard I.,
_eautor.
245 1 0 _aPrimero y Segundo de Reyes.
_n11-12 /
_cRichard I. McNeely.
264 1 _aGrand Rapids, MI :
_bPortavoz,
_c1993.
300 _a157 páginas ;
_c18 cm.
336 _atext
_2rdacontent
337 _aunmediated
_2rdamedia
338 _avolume
_2rdacarrier
490 0 _aComentario Biblico Portavoz ;
_v11-12
504 _aIncluye bibliografía.
505 0 _aLos ultimos dias del Rey David (1R. 1:1- 2:12). - Salomon en toda su gloria (1 R. 2:13 - 11:43). - División, hostilidad y consolidacion (1 R. 12:1 - 16:28). - Elias y el reynado de Acab (1 R. 16:29 -22:40). - Eliseo, Hombre del espiritu (1 R. 22:41 - 2 R. 9:13). - Decadencia y desastre de Isarael (2 R. 9:1-17:41). - Recuperación, reforma, recaída y ruina (14:1-25:30).
526 _aSEG42
526 _aSEG41
526 _aSEG40
526 _aSEG39
526 _aP94
526 _aP87
526 _aP86
526 _aP85
526 _aP77
526 _aP76
526 _aP35
541 _g0001404;
630 _aBiblia.
_pA.T.
_pReyes
_xComentarios.
700 1 _aDomingo de Rigueiro, Nati,
_etr.
942 _2ddc
_cBOOK
949 _a220.7 CBP 11-12
_wDEWEY
_c1
_i55012
_lCCODEBUL1
_mBUL
_p00.00
_r0
_sY
_tBOOK
_u2015-06-24
_xTEOLOGIA
_PP35
_0COMPRA
_o.STAFF. Colección General
596 _a1
999 _a220.7 CBP 11-12
_wDEWEY
_c35480
_i55012
_f2021-11-9
_g5
_lCCODEBUL1
_mBUL
_r0
_sY
_tBOOK
_u2015-6-24
_xTEOLOGIA
_PP35
_0COMPRA
_o.STAFF. Colección General
_d35480
980 _81
_gALBERTO SANCHEZ Responsable de Automatización